| 000 | 00373nam a2200145Ia 4500 | ||
|---|---|---|---|
| 005 | 20250325044625.0 | ||
| 008 | 240331s9999 xx 000 0 und d | ||
| 082 |
_bPRE _a894 |
||
| 100 | _aPrem,R | ||
| 245 | 0 |
_aSithaivukalin olungamaivu : _bpinnaveenaththuvap prachchanippaadukal |
|
| 260 |
_aBangalore _bKaavya _c2000 |
||
| 300 | _a312 p ., | ||
| 650 | _aEssays | ||
| 942 | _cL | ||
| 999 |
_c4081 _d4081 |
||